书目信息 |
| 题名: |
城市绿地对人类健康的促进路径研究
|
|
| 作者: | 常青 , 王娅楠 著 | |
| 分册: | ||
| 出版信息: | 北京 科学出版社 2024.09 |
|
| 页数: | 266页 | |
| 开本: | 26cm | |
| 丛书名: | ||
| 单 册: | ||
| 中图分类: | TU985.1 , R193 | |
| 科图分类: | ||
| 主题词: | 城市绿地--cheng shi lv di--关系--健康--研究 | |
| 电子资源: | ||
| ISBN: | 978-7-03-079480-2 | |
| 000 | 01520nam0 2200277 450 | |
| 001 | 2530869983 | |
| 005 | 20251217083511.00 | |
| 010 | @a978-7-03-079480-2@dCNY199.00 | |
| 100 | @a20241116d2024 em y0chiy50 ea | |
| 101 | 0 | @achi |
| 102 | @aCN@b110000 | |
| 105 | @aabk a 000yy | |
| 200 | 1 | @a城市绿地对人类健康的促进路径研究@Acheng shi lv di dui ren lei jian kang de cu jin lu jing yan jiu@f常青, 王娅楠著 |
| 210 | @a北京@c科学出版社@d2024.09 | |
| 215 | @a266页@c图, 地图@d26cm | |
| 314 | @a常青, 博士, 中国农业大学园艺学院风景园林系教授、博士生导师, 美国密西根州立大学访问学者。王娅楠, 博士, 烟台大学建筑学院讲师。研究方向为生态系统服务与城乡景观规划设计, 在Journal of EnvironmentalManagement、 Urban Forestry & Urban Greening、LandscapeEcology等国际期刊发表多篇论文。 | |
| 320 | @a有书目 (第208-227页) | |
| 330 | @a本书围绕“从城市绿地到人类健康”这一主线, 以公园绿地这一典型绿地类型为例, 面向规划设计实践需求, 系统梳理了城市绿地健康效益相关研究进展, 提出了多尺度下城市绿地健康效益级联框架, 并构建了公园绿地对居民健康促进路径的概念模型。在此基础上, 以北京市中心城区为研究区, 基于多源数据、空间定量分析与统计学方法, 验证和量化了公园绿地对居民健康的促进作用及路径, 并总结了面向居民健康促进的公园绿地规划设计流程与指标。 | |
| 503 | @n河南城建学院图书馆 | |
| 606 | 0 | @a城市绿地@Acheng shi lv di@x关系@x健康@x研究 |
| 690 | @aTU985.1@v5 | |
| 690 | @aR193@v5 | |
| 701 | 0 | @a常青@Achang qing@4著 |
| 701 | 0 | @a王娅楠@Awang ya nan@4著 |
| 801 | 0 | @aCN@c20250909 |
| 905 | @a河南城建学院图书馆@dTU985.1@eC286@f1 | |
| 城市绿地对人类健康的促进路径研究/常青, 王娅楠著.-北京:科学出版社,2024.09 |
| 266页:图, 地图;26cm |
| ISBN 978-7-03-079480-2:CNY199.00 |
| 本书围绕“从城市绿地到人类健康”这一主线, 以公园绿地这一典型绿地类型为例, 面向规划设计实践需求, 系统梳理了城市绿地健康效益相关研究进展, 提出了多尺度下城市绿地健康效益级联框架, 并构建了公园绿地对居民健康促进路径的概念模型。在此基础上, 以北京市中心城区为研究区, 基于多源数据、空间定量分析与统计学方法, 验证和量化了公园绿地对居民健康的促进作用及路径, 并总结了面向居民健康促进的公园绿地规划设计流程与指标。 |
| ● |
| 相关链接 |
|
|
|
正题名:城市绿地对人类健康的促进路径研究
索取号:TU985.1/C286
 
预约/预借
| 序号 | 登录号 | 条形码 | 馆藏地/架位号 | 状态 | 备注 |
| 1 | 1556708 | 215567081 | 建筑与城市规划学院资料室/ [索取号:TU985.1/C286] | 在馆 | |
| 2 | 1556709 | 215567090 | 建筑与城市规划学院资料室/ [索取号:TU985.1/C286] | 在馆 |